000 00361nam a2200145Ia 4500
008 151213s9999 xx 000 0 und d
100 _aJ. D., Quonn
245 _aThe Strategy Process
_cJ. D., Quonn
260 _aNew Jersey
_bPrentic Hall
_c1988
300 _a2736 p.
650 _aManagement
650 _aManagement
700 _aJ. D., Quonn
999 _c1847
_d1847